Представление документа в формате MARC21

ПолеНазваниеЗначение
  Тип записи a
  Библиографический уровень m
001 Контрольный номер RU/URAIT/562946
005 Дата корректировки 20260429163613.0
008 Кодируемые данные 260429s2025 RU y f j 000 0 rus u
020 Индекс ISBN __
a ISBN 978-5-534-17166-2
c Цена, тираж 359.00
040 Источник каталогиз. __
a Служба первич. каталог. ИКО Юрайт
c Служба, преобразующая запись ИКО Юрайт
e Правила каталог. RCR
041 Код языка издания __
a Код языка текста rus
044 Код страны публикации __
a Код страны публикации RU
080 Индекс УДК __
a Индекс УДК 621.01(075.8)
084 Индекс другой классификации/Индекс ББК __
2 Источник индекса rubbk
a Индекс другой классификации/Индекс ББК 34.41я73
100 Автор __
a Автор Капустин А. В.
q Полное имя Капустин Александр Валерьевич
245 Заглавие __
a Заглавие Теория механизмов и машин. Практикум
b Продолж. заглавия учебник для вузов
c Ответственность А. В. Капустин, Ю. Д. Нагибин.
256 Характеристики компьютерного файла __
a Характеристики компьютерного файла Электрон. дан.
260 Выходные данные __
a Место издания Москва
b Издательство Юрайт
c Дата издания 2025
300 Физическое описание __
a Объем 65 с
440 Серия __
a Серия Высшее образование
500 Примечания __
a Примечание URL: https://urait.ru/bcode/562946 (дата обращения: 29.04.2026).
520 Аннотация __
a Аннотация В пособии приведены задания для выполнения курсовых работ по дисциплине «Теория механизмов и машин». Задания распределены по темам: кинематический анализ рычажных механизмов, кинематический анализ планетарных редукторов и синтез кулачковых механизмов. Представлены также задачи для выполнения расчетно-графических работ, связанных с вычислением передаточного отношения редуктора и кинематическим анализом и силовым расчетом рычажного механизма.
538 Прим. о системных особенностях __
a Прим. о системных особенностях Режим доступа: Электронно-библиотечная система Юрайт, для авториз. пользователей
653 Ключевые слова __
a Ключевые слова Машины, машиностроение и приборостроение
653 Ключевые слова __
a Ключевые слова Технические науки
653 Ключевые слова __
a Ключевые слова Теория механизмов и машин
653 Ключевые слова __
a Ключевые слова Теория машин и механизмов
653 Ключевые слова __
a Ключевые слова Теория механизмов и машин, детали машин
653 Ключевые слова __
a Ключевые слова Основы теории машин и механизмов
653 Ключевые слова __
a Ключевые слова Теория механизмов и детали машин
653 Ключевые слова __
a Ключевые слова Теория машин и механизмов, детали машин
653 Ключевые слова __
a Ключевые слова Теория машин и механизмов, сопротивление материалов
653 Ключевые слова __
a Ключевые слова Детали машин и теория механизмов
653 Ключевые слова __
a Ключевые слова Теория механизмов и машин, детали машин и основы конструирования
653 Ключевые слова __
a Ключевые слова Механика (теория машин и механизмов, детали машин и конструирование)
653 Ключевые слова __
a Ключевые слова Техническая механика (теория механизмов и машин, детали машин)
653 Ключевые слова __
a Ключевые слова Техническая механика: теория механизмов и машин
653 Ключевые слова __
a Ключевые слова Теория механизмов и машин, детали машин и основы
653 Ключевые слова __
a Ключевые слова Теория механизмов машин
653 Ключевые слова __
a Ключевые слова Механика. Теория механизмов машин
700 Другие авторы __
a Другие авторы Нагибин Ю. Д.
q Полное имя Нагибин Юрий Дмитриевич
856 Электронный адрес документа 40
n Местонахождение сервера Юрайт
g Электронная книга
q Тип электронного формата html
h Имя пользователя ЮРАЙТ
v Часы доступа к ресурсу 20271231
2 Способ доступа Показать документ
x Служебное примечание https://urait.ru/book/cover/37C80AB8-604F-4951-99D9-6FA297574385
u URL https://urait.ru/bcode/562946
856 Электронный адрес документа 48
q Тип электронного формата cover
u URL https://urait.ru/book/cover/37C80AB8-604F-4951-99D9-6FA297574385
911 __
u 0030=https://urait.ru/bcode/562946
911 __
u 073a=9785534171662
u 073d=359.00
911 __
u 106a=s
911 __
u 900l=
952 Тип литературы __
i Дисциплина Теория механизмов и машин
952 Тип литературы __
i Дисциплина Теория машин и механизмов
952 Тип литературы __
i Дисциплина Теория механизмов и машин, детали машин
952 Тип литературы __
i Дисциплина Основы теории машин и механизмов
952 Тип литературы __
i Дисциплина Теория механизмов и детали машин
952 Тип литературы __
i Дисциплина Теория машин и механизмов, детали машин
952 Тип литературы __
i Дисциплина Теория машин и механизмов, сопротивление материалов
952 Тип литературы __
i Дисциплина Детали машин и теория механизмов
952 Тип литературы __
i Дисциплина Теория механизмов и машин, детали машин и основы конструирования
952 Тип литературы __
i Дисциплина Механика (теория машин и механизмов, детали машин и конструирование)
952 Тип литературы __
i Дисциплина Техническая механика (теория механизмов и машин, детали машин)
952 Тип литературы __
i Дисциплина Техническая механика: теория механизмов и машин
952 Тип литературы __
i Дисциплина Теория механизмов и машин, детали машин и основы
952 Тип литературы __
i Дисциплина Теория механизмов машин
952 Тип литературы __
i Дисциплина Механика. Теория механизмов машин